North America Cities by Map - Statistics

General Stats
  • This quiz has been taken 47,663 times
  • The average score is 22 of 34
Answers on the Map
Answers color-coded by a green-red scale on the quiz's map according to % correct below.
 
Answer Stats
Cities % Correct
Los Angeles
96%
New York City
96%
Mexico City
93%
Miami
93%
San Francisco
92%
Seattle
91%
Toronto
91%
Havana
88%
Vancouver
88%
Washington D.C.
85%
New Orleans
83%
Atlanta
81%
Montreal
80%
Anchorage
78%
Honolulu
78%
Phoenix
78%
Minneapolis
70%
Calgary
64%
St. Louis
62%
Tijuana
62%
Nassau
61%
Cancún
55%
Santo Domingo
55%
Winnipeg
53%
Guadalajara
51%
Halifax
43%
Managua
42%
Monterrey
41%
Belize City
35%
Nuuk
35%
Cabo San Lucas
30%
Whitehorse
27%
Santiago de Cuba
18%
Mérida
17%
No matching quizzes found
Score Distribution
Percent of People with Each Score
Percentile by Number Answered
Your Score History
You have not taken this quiz